La risa de Gabriela Mistral: una historia cultural del humor en Chile e Iberoamérica

-д хадгалсан:
Номзүйн дэлгэрэнгүй
Үндсэн зохиолч: Salinas Campos, Maximiliano (Зохиогч)
Формат: Ном
Хэл сонгох:испани
Хэвлэсэн: Santiago LOM 2010
Хэвлэл:1a. ed
Цуврал:Colección Historia
Нөхцлүүд:
Шошгууд: Шошго нэмэх
Шошго байхгүй, Энэхүү баримтыг шошголох эхний хүн болох!

MARC

LEADER 00000nam a2200000 a 4500
001 UCG3674
003 CL-VaPUC
005 20241016095656.0
008 100909e20100000CL |||||||||||||||||spa|d
999 |c 342720  |d 342718 
020 |a 9789560001566 
040 |c Pontificia Universidad Católica de Valparaíso 
082 0 4 |a 741  |b SAL  |2 21 
100 0 |a Salinas Campos, Maximiliano  |e author  |9 518634 
245 1 3 |a La risa de Gabriela Mistral: una historia cultural del humor en Chile e Iberoamérica 
250 |a 1a. ed 
260 |a Santiago  |b LOM  |c 2010 
300 |a 145 p 
490 0 |a Colección Historia 
583 |a last modification  |c 20100909 00:00:00  |k Rodrigo Vera 
600 0 |a Mistral, Gabriela,  |d 1889-1957  |e autora  |q Godoy Alcayaga, Lucila  |9 866296 
650 7 |a HUMOR  |2 CL-VaPUC  |9 337105 
650 7 |a HUMOR ADULTOS  |2 CL-VaPUC  |9 552969 
942 |c BK  |2 ddc 
945 |d 20100909 00:00:00  |a mfarfan 
952 |0 0  |1 0  |4 0  |6 741_000000000000000_SAL_2010  |7 0  |8 C  |9 439199  |a BIBCUR  |b BIBCUR  |d 2019-11-22  |i 4718216  |l 1  |o 741 SAL 2010  |p 4718216  |r 2025-05-02  |s 2025-05-02  |w 2019-11-22  |y BK  |k CAC